000 00262nam a2200109Ia 4500
008 201216s9999 xx 000 0 und d
100 _aRabin, Jack [et al.]
245 0 _aManaging administration
260 _aNew York
_bMarcel Dekker
300 _a276
942 _cBK
999 _c6264
_d6264